000 00780nam a22002175i 4500
001 163894
003 ES-MaACL
005 20250815063238.0
008 050721q1900 sp |r|||||||| 0|spa d
040 _aCAM
_bspa
_cCAM
080 _a514.113
100 1 _aRomán y Retuerto, Emilio
_eaut
_999237
245 1 0 _aEstudio del movimiento de un sistema invariable en el espacio /
_cpor Emilio Román
260 _aMadrid :
_b[s.n.,
_cca. 1900]
_f(Imp. "La Universitaria")
300 _a51, [2] páginas ;
_c24 cm
650 7 _aGeometría del espacio
_9165534
_2embne
852 4 _aES-MaACL
_cDEPOF
_jT-1018-F
_xEnc. en un vol. facticio
_xHolandesa, conservando cub. original
942 _2udc
_cFOLLETOS
_n0
999 _c163894
_d163894